000
00352 a2200169 4500
001
171563
020
_a
85-322-0140-7
040
_c
Magnum
100
_a
Galdino, Luiz
240
1
0
_a
O sapo encantado
_l
por
245
1
0
_a
O sapo encantado
300
_a
40
362
0
_a
1992
440
1
_a
FTD
697
_a
LITERATURA INFANTO-JUVENIL
942
_c
BK
999
_c
171563
_d
171563